LEADER 01419nlm 2200349 a 450 001 996400849003316 005 20210209120625.0 010 $a0-582-28215-2 100 $a20031027d1990---- uy 0 101 0 $aeng 102 $aUS 105 $ay 00 y 135 $adrcnu 200 1 $aAbortion and woman's choice$ethe state, sexuality, and reproductive freedom /$fRosalind Pollack Petchesky 205 $aEd. rivista 210 1 $aBoston$cNortheastern University Press$d1990 215 $aTesto elettronico (PDF) (XXXII, 412 p. ) 225 2 $aLongman series in feminist theory Abortion and woman's choice 225 2 $aNortheastern series in feminist theory 230 $aBase dati testuale 330 $aUna comprensione olistica dell'aborto da una prospettiva femminista, inclusa la storia della sua pratica e le politiche statali per contenerlo; le condizioni sociali, economiche e culturali in cui le donne lo utilizzano; e le battaglie legali, morali e politiche che lo circondano. 410 0$aACLS Humanities E-Book. 606 0 $aAborto indotto$xSociologia [e] Storia$zStati Uniti d'America$2BNCF 676 $a363.46 700 1$aPETCHESKY,$bRosalind P$0790541 712 02$aAmerican Council of Learned Societies. 801 0$bcba$aIT$gREICAT$bcba 912 $a996400849003316 959 $aEB 969 $aER 996 $aAbortion and woman's choice$91765536 997 $aUNISA LEADER 03613nam 22008413u 450 001 9910459979003321 005 20210114095151.0 035 $a(CKB)2670000000082098 035 $a(EBL)672979 035 $a(OCoLC)709551379 035 $a(SSID)ssj0000519147 035 $a(PQKBManifestationID)12195236 035 $a(PQKBTitleCode)TC0000519147 035 $a(PQKBWorkID)10495549 035 $a(PQKB)10937920 035 $a(MiAaPQ)EBC672979 035 $a(EXLCZ)992670000000082098 100 $a20140728d2011|||| u|| | 101 0 $aeng 135 $aur|n|---||||| 181 $ctxt 182 $cc 183 $acr 200 10$aMonetary Trends in the United States and the United Kingdom$b[electronic resource] $eTheir Relations to Income, Prices, and Interest Rates 210 $aChicago $cUniversity of Chicago Press$d2011 215 $a1 online resource (697 p.) 225 1 $aNational Bureau of Economic Research Monograph 300 $aDescription based upon print version of record. 311 $a0-226-26409-2 327 $aContents; List of Charts; List of Tables; Preface; Principal Empirical Findings; 1 Scope of the Study; 2 The General Theoretical Framework; 3 The General Statistical Framework; 4 The Basic Data; 5 Movements of Money, Income, and Prices; 6 Velocity and the Demand for Money; 7 Velocity and the Interrelations between the United States and the United Kingdom; 8 Monetary Influences on Nominal Income; 9 Division of Change in Income between Prices and Output; 10 Money and Interest Rates; 11 Long Swings in Growth Rates; 12 The Role of Money; References; Author Index; Subject Index 330 $aThe special task of this book is to present a statistical and theoretical analysis of the relation between the quantity of money and other key economic magnitudes over periods longer than those dominated by cyclical fluctuations-hence the term trends in the title. This book is not restricted to the United States but includes comparable data for the United Kingdom. 410 0$aNational Bureau of Economic Research Monograph 606 $aEconomic conditions 606 $aGreat Britain 606 $aGreat Britain -- Economic conditions 606 $aHistory 606 $aMoney supply 606 $aMoney supply -- Great Britain -- History 606 $aMoney supply -- United States -- History 606 $aUnited States 606 $aUnited States -- Economic conditions 606 $aMoney supply$xHistory$zUnited States 606 $aMoney supply$xHistory$zGreat Britain 606 $aFinance$2HILCC 606 $aBusiness & Economics$2HILCC 606 $aMoney$2HILCC 608 $aElectronic books. 615 4$aEconomic conditions. 615 4$aGreat Britain. 615 4$aGreat Britain -- Economic conditions. 615 4$aHistory. 615 4$aMoney supply. 615 4$aMoney supply -- Great Britain -- History. 615 4$aMoney supply -- United States -- History. 615 4$aUnited States. 615 4$aUnited States -- Economic conditions. 615 0$aMoney supply$xHistory 615 0$aMoney supply$xHistory 615 7$aFinance 615 7$aBusiness & Economics 615 7$aMoney 676 $a332.4/973 676 $a332.4941 676 $a332.9973 700 $aFriedman$b Milton$0101807 701 $aSchwartz$b Anna J$0120103 801 0$bAU-PeEL 801 1$bAU-PeEL 801 2$bAU-PeEL 906 $aBOOK 912 $a9910459979003321 996 $aMonetary Trends in the United States and the United Kingdom$92087821 997 $aUNINA